00526nam a22001817a 450000500170000000800410001702000180005804000210007604100080009708200170010510000260012224500740014825000120022226000330023430000100026765000350027770000320031220240220143118.0240220b ||||| |||| 00| 0 eng d a9789358498899 aIN-DiNCcIN-DiNC dasm a320.954bDUT aDutta, Mriduleauthor aBharatiya sarkar aru rajniti/cby Mridul Dutta and Dipak Kumar Sharma a1st ed. aDibrugarh:bBanalata,c2024. a439p. aIndian government and politics aSharma, Dipak Kumareauthor